Größte Orte in den Niederlanden - Statistiken

Allgemein
  • Dieses Quiz wurde 41 mal gespielt
  • Das Durchschnittsergebnis liegt bei 14 aus 32
Antwortstatistiken
Provinz Einwohnerzahl Stadt % Korrekt
Nordholland 934.927 Amsterdam
100%
Südholland 671.125 Rotterdam
100%
Südholland 565.701 Den Haag
92%
keine Hinweise, das wäre sonst zu einfach 347.526 Utrecht
82%
keine Hinweise, das wäre sonst zu einfach 243.833 Groningen
76%
Nordbrabant 246.443 Eindhoven
68%
Overijssel 161.741 Enschede
66%
Gelderland 167.651 Arnhem
58%
Nordbrabant 188.217 Breda
55%
Nordholland 167.763 Haarlem
55%
Limburg 125.203 Maastricht
55%
Gelderland 187.011 Nijmegen
55%
Nordbrabant 229.797 Tilburg
53%
Limburg 103.785 Venlo
50%
Nordholland 112.311 Alkmaar
39%
Overijssel 133.133 Zwolle
39%
Südholland 130.181 Leiden
37%
Flevoland 226.630 Almere
34%
Utrecht 161.825 Amersfoort
29%
Gelderland 168.212 Apeldoorn
26%
Südholland 109.573 Delft
26%
Overijssel 103.402 Deventer
26%
Südholland 122.089 Dordrecht
26%
Friesland 128.857 Leeuwarden
24%
Drenthe 109.361 Emmen
16%
Nordholland 161.429 Zaanstad
16%
Südholland 114.968 Alphen
13%
Gelderland 123.489 Ede
13%
Nordbrabant 160.740 ´s-Hertogenbosch
13%
Nordholland 163.169 Haarlemmermeer
11%
Südholland 128.424 Zoetermeer
8%
Südholland 115.984 Westland
5%
Keine übereinstimmenden Quizze gefunden
Verteilung der Resultate
Anzahl Personen mit jedem Resultat
Perzentil nach korrekt beantworteten Fragen
Ihre Resultats-Entwicklung
Sie haben dieses Quiz noch nicht gespielt